000 00576nam a2200181Ia 4500
003 GCL
008 140319s9999 xx 000 0 ara d
040 _aGCL /
_cGCL
082 0 4 _a813.08
_bص خ
100 1 _aصالح مرسى
245 1 0 _aخطاب الى رجل ميت /
_cصالح مرسى
260 _aالقاهرة :
_bمكتبة مدبولى الصغير ،
_c1993
300 _a259 ص ؛
_c18سم
490 _aالاعمال الكاملة لصالح مرسى
_v0
650 0 4 _aالادب العربى
650 0 4 _aالقصص العربية
942 _2ddc
_cBK
999 _c46661
_d46661